Science Quiz

Random Science or Hockey Quiz

Elemental Big 4 Teams Quiz Stats

 Plays Quiz Updated Jan 16, 2016

Challenge
Share
Tweet
Embed
Score 0/32 Timer 08:00
3 Plays Today
Elements Team % Correct
Helium, AstatineHeat
76%
Lithium, Oxygen, Nitrogen, SulfurLions
75.7%
Sulfur, Uranium, Nitrogen, SulfurSuns
75.6%
Titanium, Tantalum, Nitrogen, SulfurTitans
74.3%
Bromine, Oxygen, Nitrogen, Cobalt, SulfurBroncos
74.1%
Beryllium, Argon, SulfurBears
73.7%
Copper, Boron, SulfurCubs
73%
Radium, Yttrium, SulfurRays
72.9%
Sulfur, Hydrogen, Argon, Potassium, SulfurSharks
72.4%
Fluorine, Aluminum, Cobalt, Nitrogen, SulfurFalcons
71.8%
Potassium, Nickel, Carbon, Potassium, SulfurKnicks
71.8%
Calcium, Vanadium, Aluminum, Iodine, Erbium, SulfurCavaliers
71.7%
Boron, Uranium, Carbon, Potassium, SulfurBucks
71.2%
Calcium, Nitrogen, Uranium, Carbon, Potassium, SulfurCanucks
71.1%
Chlorine, Iodine, Phosphorus, Phosphorus, Erbium, SulfurClippers
70.5%
Boron, Radium, Vanadium, EinsteiniumBraves
70.4%
Elements Team % Correct
Lanthanum, Potassium, Erbium, SulfurLakers
70.3%
Iodine, Sulfur, Lanthanum, Neodymium, Erbium, SulfurIslanders
69.2%
Sodium, Titanium, Oxygen, Nitrogen, Aluminum, SulfurNationals
69.1%
Rhenium, DarmstadtiumReds
68.5%
Cobalt, Tungsten, Boron, Oxygen, Yttrium, SulfurCowboys
68.4%
Cobalt, Yttrium, Oxygen, Tellurium, SulfurCoyotes
68.2%
Bromine, Oxygen, Tungsten, Nitrogen, SulfurBrowns
66.2%
Boron, Ruthenium, Indium, SulfurBruins
65.8%
Boron, Lutetium, EinsteiniumBlues
65.5%
Thorium, Uranium, Neodymium, ErbiumThunder
65.5%
Protactinium, Carbon, Potassium, Erbium, SulfurPackers
64.9%
Phosphorus, Actinium, Erbium, SulfurPacers
63.8%
Protactinium, Nitrogen, Thorium, Erbium, SulfurPanthers
63.2%
Phosphorus, Iridium, Astatine, EinsteiniumPirates
62.7%
Rhenium, Darmstadtium, Potassium, Indium, SulfurRedskins
61.2%
Boron, Rhenium, Tungsten, Erbium, SulfurBrewers
59%

You're not logged in!

Compare scores with friends on all Sporcle quizzes.
OR
Log In

You Might Also Like...

Show Comments

Extras

Top Quizzes Today


Score Distribution

Your Account Isn't Verified!

In order to create a playlist on Sporcle, you need to verify the email address you used during registration. Go to your Sporcle Settings to finish the process.

Report this User

Report this user for behavior that violates our Community Guidelines.

Details: